Laplace transform tables and theorems

Kaydedildi:
Detaylı Bibliyografya
Yazar: McCollum, Paul A. (autor)
Materyal Türü: Kitap
Dil:İngilizce
Baskı/Yayın Bilgisi: Nueva York Holt, Rinehart and Winston 1965
Konular:
Etiketler: Etiketle
Etiket eklenmemiş, İlk siz ekleyin!

MARC

LEADER 00000nam a2200000 a 4500
001 UCP1619
003 CL-VaPUC
008 990416e19650000US |||||||||||||||||eng|d
082 0 4 |a 515.723  |b MCC  |2 21 
100 |a McCollum, Paul A.  |e autor  |9 427769 
245 1 0 |a Laplace transform tables and theorems 
300 |a 117 p 
942 |c BK 
945 |d 19990416 00:00:00  |a crobeson 
260 |a Nueva York  |b Holt, Rinehart and Winston  |c 1965 
650 0 |a Transformada de Laplace  |9 422308 
650 7 |a TABLAS MATEMATICAS  |2 CL-VaPUC  |9 260265 
650 7 |a TRANSFORMACIONES  |2 CL-VaPUC  |9 427762 
650 0 |a Funciones de variables complejas  |9 260212 
650 0 |a Análisis complejo   |9 260214 
583 |a last modification  |c 19990416 00:00:00  |k Rodrigo Vera 
999 |c 280285  |d 280283 
952 |0 0  |1 0  |4 0  |6 515_723000000000000_MCC_1965  |7 0  |8 A  |9 320533  |a BIBMAT  |b BIBMAT  |d 2019-11-20  |i 1343475  |o 515.723 MCC 1965  |p 1343475  |r 2025-01-07  |w 2019-11-20  |y BK  |k MAT